<?xml version="1.0" encoding="UTF-8"?>
<collection xmlns="http://www.loc.gov/MARC21/slim">
 <record>
  <leader>01003pam a22002418a 4500</leader>
  <controlfield tag="001">00023090</controlfield>
  <controlfield tag="005">20200528160514.0</controlfield>
  <controlfield tag="008">110609s2003                  ||||||Viesd</controlfield>
  <datafield tag="020" ind1="#" ind2="#">
   <subfield code="c">26800</subfield>
  </datafield>
  <datafield tag="041" ind1="0" ind2="#">
   <subfield code="a">Vie</subfield>
  </datafield>
  <datafield tag="082" ind1="1" ind2="4">
   <subfield code="a">909.07</subfield>
   <subfield code="b">L302S</subfield>
  </datafield>
  <datafield tag="100" ind1="0" ind2="#">
   <subfield code="a">Nguyễn Gia Phu</subfield>
  </datafield>
  <datafield tag="245" ind1="0" ind2="0">
   <subfield code="a">Lịch sử thế giới trung đại</subfield>
   <subfield code="c">Nguyễn Gia Phu, Nguyễn Văn Anh, Đỗ Đình Hãng, Trần Văn La,</subfield>
  </datafield>
  <datafield tag="250" ind1="#" ind2="#">
   <subfield code="a">Tái bản lần thứ 7, có sửa chữa và bổ sung</subfield>
  </datafield>
  <datafield tag="260" ind1="#" ind2="#">
   <subfield code="a">H.</subfield>
   <subfield code="b">Giáo dục</subfield>
   <subfield code="c">2003</subfield>
  </datafield>
  <datafield tag="300" ind1="#" ind2="#">
   <subfield code="a">399 tr.</subfield>
   <subfield code="c">24 cm.</subfield>
  </datafield>
  <datafield tag="653" ind1="#" ind2="#">
   <subfield code="a">Lịch sử Thế giới</subfield>
  </datafield>
  <datafield tag="653" ind1="#" ind2="#">
   <subfield code="a">Lịch sử Trung đại</subfield>
  </datafield>
  <datafield tag="852" ind1="#" ind2="#">
   <subfield code="b">Kho giáo trình</subfield>
   <subfield code="j">KGT.0025975, KGT.0025976, KGT.0025977, KGT.0025978</subfield>
  </datafield>
  <datafield tag="852" ind1="#" ind2="#">
   <subfield code="b">Kho mượn</subfield>
   <subfield code="j">KGT.0025975</subfield>
  </datafield>
  <datafield tag="852" ind1="#" ind2="#">
   <subfield code="j">KGT.0025976</subfield>
   <subfield code="j">KGT.0025977</subfield>
   <subfield code="j">KGT.0059250</subfield>
   <subfield code="j">KGT.0025975</subfield>
   <subfield code="j">KGT.0025978</subfield>
   <subfield code="j">KGT.0053885</subfield>
   <subfield code="j">KGT.0053884</subfield>
  </datafield>
  <datafield tag="910" ind1="0" ind2="#">
   <subfield code="a">ngoc</subfield>
   <subfield code="d">09/06/2011</subfield>
  </datafield>
  <datafield tag="980" ind1="#" ind2="#">
   <subfield code="a">Trung tâm Học liệu Lê Vũ Hùng, Trường Đại học Đồng Tháp</subfield>
  </datafield>
 </record>
</collection>
